000 00406nam a2200157 a 4500
005 20140414132135.0
008 131216s19uu xx 00 eng d
020 _a9787180653297
050 _aER
_bDai132 2011
100 _aBugbird, Tim
245 _aDaisy:
_bthe doughnut fairy.
260 _aNew York :
_bMake Me Believe Ideas,
_cc2011.
300 _a30
650 _aFairy-
_xfiction
999 _c115306
_d115306